| 000 | 00368cam a2200157ua 4500 | ||
|---|---|---|---|
| 003 | OSt | ||
| 008 | 250806b |||||||| |||| 00| 0 eng d | ||
| 041 | _aeng | ||
| 082 |
_a625.1 _bSHA/RA |
||
| 100 |
_aShahane, Alexander . _97652 |
||
| 245 | _aRailway engineering / | ||
| 250 | _a1 / | ||
| 260 |
_aMumbai : _bEngineering Book Co.. |
||
| 300 | _a253 ; . | ||
| 942 | _cBK | ||
| 999 |
_c3333 _d3333 |
||